[Event "IMSA Rapid Women 2019"]
[Site "Hengshui"]
[Date "2019.05.14"]
[Round "1.16"]
[White "Khotenashvili, Bela"]
[Black "Koneru, Humpy"]
[Result "0-1"]
[WhiteElo "2476"]
[BlackElo "2553"]
[Annotator "RC"]
[PlyCount "138"]
[EventDate "2019.05.14"]
[EventType "rapid"]
[EventCountry "CHN"]
[SourceTitle "playchess.com"]
[Source "ChessBase"]
[SourceQuality "1"]
[TimeControl "900+10"]

1. Nf3 {[%emt 0:00:00]} Nf6 {[%emt 0:00:00]} 2. g3 {[%emt 0:00:00]} d5 {[%emt 0:00:09]} 3. Bg2 {[%emt 0:00:01]} e6 {[%emt 0:00:13]} 4. O-O {[%emt 0:00:03]} b5 {[%emt 0:00:06]} 5. a4 {[%emt 0:01:13]} b4 {[%emt 0:00:04]} 6. d3 {[%emt 0:00:02]} Bb7 {[%emt 0:00:23]} 7. Nbd2 {[%emt 0:00:03]} Be7 {[%emt 0:00:41]} 8. e4 {[%emt 0:00:17]} c5 {[%emt 0:00:28]} 9. Re1 {[%emt 0:00:35]} Nc6 {[%emt 0:00:33]} 10. e5 {[%emt 0:01:55]} Nd7 {[%emt 0:00:07]} 11. Nf1 {[%emt 0:00:02]} g5 {[%emt 0:02:25]} 12. h3 {[%emt 0:03:48]} h5 {[%emt 0:00:11]} 13. g4 {[%emt 0:00:22]} hxg4 {[%emt 0:03:25]} 14. hxg4 {[%emt 0:00:01]} Qc7 {[%emt 0:02:01]} 15. Qe2 {[%emt 0:00:47]} O-O-O {[%emt 0:00:03]} 16. Ng3 {[%emt 0:00:36]} Rdg8 {[%emt 0:00:47]} 17. c3 {[%emt 0:00:32]} Kb8 {[%emt 0:00:21]} 18. Bd2 {[%emt 0:01:37]} a5 {[%emt 0:00:02]} 19. cxb4 {[%emt 0:00:10]} axb4 {[%emt 0:00:07]} 20. b3 {[%emt 0:01:11]} Ba6 {[%emt 0:00:13]} 21. Rac1 {[%emt 0:00:47]} Rh4 {[%emt 0:00:39]} 22. Nxh4 {[%emt 0:00:47]} gxh4 {[%emt 0:00:07]} 23. Nh5 {[%emt 0:00:34]} Ncxe5 {[%emt 0:04:25]} 24. Bf4 {[%emt 0:01:58]} Bd6 {[%emt 0:00:02]} 25. Bxe5 {[%emt 0:00:50]} Nxe5 {[%emt 0:00:13]} 26. Nf6 {[%emt 0:00:03]} Rh8 {[%emt 0:01:22]} 27. Red1 {[%emt 0:00:10]} Nc6 {[%emt 0:00:03]} 28. Qe3 {[%emt 0:00:55]} Nd4 {[%emt 0:00:07]} 29. Qxd4 {[%emt 0:00:14]} cxd4 {[%emt 0:00:03]} 30. Rxc7 {[%emt 0:00:01]} Kxc7 {[%emt 0:00:04]} 31. Rc1+ {[%emt 0:00:11]} Kb7 {[%emt 0:00:06]} 32. Bf1 {[%emt 0:00:16]} Be7 {[%emt 0:00:19]} 33. Nd7 {[%emt 0:00:13]} Rg8 {[%emt 0:00:16]} 34. f3 {[%emt 0:00:08]} f5 {[%emt 0:00:04]} 35. Be2 {[%emt 0:00:07]} fxg4 {[%emt 0:00:07]} 36. fxg4 {[%emt 0:00:01]} Rg5 {[%emt 0:00:30]} 37. Kg2 {[%emt 0:00:14]} Ka8 {[%emt 0:00:11]} 38. Kh3 {[%emt 0:00:13]} Bb7 {[%emt 0:00:03]} 39. Rf1 {[%emt 0:00:15]} Rg7 {[%emt 0:00:03]} 40. Ne5 {[%emt 0:00:09]} Kb8 {[%emt 0:00:06]} 41. Bd1 {[%emt 0:00:15]} Kc7 {[%emt 0:00:03]} 42. Be2 {[%emt 0:00:04]} Kd6 {[%emt 0:00:15]} 43. Nf7+ {[%emt 0:00:01]} Kd7 {[%emt 0:00:01]} 44. Ne5+ {[%emt 0:00:10]} Ke8 {[%emt 0:00:05]} 45. Nf3 {[%emt 0:00:09]} Bc5 {[%emt 0:00:19]} 46. Rc1 {[%emt 0:00:03]} Bb6 {[%emt 0:00:02]} 47. Nxh4 {[%emt 0:00:03]} e5 {[%emt 0:00:25]} 48. Nf5 {[%emt 0:00:01]} Rh7+ {[%emt 0:00:17]} 49. Kg3 {[%emt 0:00:06]} Bc7 {[%emt 0:00:05]} 50. g5 {[%emt 0:00:27]} e4+ {[%emt 0:00:17]} 51. Kg4 {[%emt 0:00:01]} Be5 {[%emt 0:00:06]} 52. g6 {[%emt 0:00:09]} Rh2 {[%emt 0:00:07]} 53. Bf1 {[%emt 0:00:05]} Kf8 {[%emt 0:00:16]} 54. Rc5 {[%emt 0:00:20]} Rf2 {[%emt 0:00:08]} 55. Rc1 {[%emt 0:00:34]} e3 {[%emt 0:00:01]} 56. Ng3 {[%emt 0:00:07]} Kg7 {[%emt 0:00:17]} 57. Be2 {[%emt 0:00:09]} Kxg6 {[%emt 0:00:05]} 58. Bf3 {[%emt 0:00:01]} Kf6 {[%emt 0:00:29]} 59. Ne2 {[%emt 0:00:05]} Rh2 {[%emt 0:00:06]} 60. Rc5 {[%emt 0:00:08]} Rh8 {[%emt 0:00:06]} 61. Bxd5 {[%emt 0:00:26]} Bc8+ {[%emt 0:00:02]} 62. Kf3 {[%emt 0:00:02]} Rh3+ {[%emt 0:00:11]} 63. Kg2 {[%emt 0:00:02]} Rh2+ {[%emt 0:00:07]} 64. Kf1 {[%emt 0:00:01]} Bg4 {[%emt 0:00:22]} 65. Rc2 {[%emt 0:00:12]} Bh3+ {[%emt 0:00:07]} 66. Ke1 {[%emt 0:00:21]} Rf2 {[%emt 0:00:17]} 67. Rc6+ {[%emt 0:00:08]} Kg5 {[%emt 0:00:05]} 68. Nc1 {[%emt 0:00:32]} Bg3 {[%emt 0:00:02]} 69. Be4 {[%emt 0:00:09]} Rd2# {[%emt 0:00:05]} 0-1

[Event "IMSA Rapid Women 2019"]
[Site "Hengshui"]
[Date "2019.05.14"]
[Round "2.9"]
[White "Tan, Zhongyi"]
[Black "Kosteniuk, Alexandra"]
[Result "1/2-1/2"]
[WhiteElo "2513"]
[BlackElo "2546"]
[Annotator "TA"]
[PlyCount "90"]
[EventDate "2019.05.14"]
[EventType "rapid"]
[EventCountry "CHN"]
[SourceTitle "playchess.com"]
[Source "ChessBase"]
[SourceQuality "1"]

{[%evp 17,90,0,10,-4,14,0,10,-1,12,6,12,16,45,-6,8,12,19,8,5,0,0,0,0,0,0,0,0,0,0,0,0,-5,-5,-5,-13,-8,0,0,0,0,0,0,0,0,0,0,0,0,0,0,0,0,0,0,0,0,0,0,0,0,2,2,16,2,16,16,16,2,16,16,16,0,16,0,16]} 1. c4 e5 2. Nc3 Nf6 3. Nf3 Nc6 4. e4 Bc5 5. Nxe5 Nxe5 6. d4 Bb4 7. dxe5 Nxe4 8. Qd4 Nxc3 9. bxc3 Be7 10. Bf4 {A28: English Opening: Four Knights Variation} (10. Be2 O-O 11. Bf4 d6 12. O-O Be6 13. Bf3 Qc8 14. Rab1 Rb8 15. Qxa7 Bxc4 16. exd6 Bxd6 17. Bxd6 cxd6 18. Rfd1 d5 19. Bxd5 Bxd5 20. Rxd5 Qxc3 {½-½ (31) Vishnu,P (2510)-Adly,A (2626) Dubai 2018}) 10... O-O 11. Bd3 d6 12. O-O dxe5 13. Bxe5 Qxd4 14. cxd4 Rd8 $146 ({Predecessor:} 14... c6 15. Rab1 Rd8 16. Rfd1 Bd6 17. Bxd6 Rxd6 {1-0 (27) Javanbakht,N (2397)-Sheykhhasani,B (2305) Nakhchivan 2015}) 15. Rae1 ({White should try} 15. Be4 $14) 15... Bd6 {The position is equal.} 16. Bxd6 cxd6 17. Re7 Kf8 18. Rfe1 Rb8 19. h4 Be6 20. Rc7 Rdc8 21. Rxc8+ Rxc8 $11 {[%mdl 4096] Endgame KRB-KRB} 22. d5 Bd7 23. Rb1 b6 24. f3 Rc5 25. Rb3 Ra5 26. a3 h5 27. Kf2 Ke7 28. Ke3 Kf6 29. Kd4 Bf5 30. Be2 Ra4 31. Bd1 Ra5 32. g4 Bd7 $1 {[%cal Rd7a4] With the idea ...Ba4.} 33. Re3 g6 34. g5+ Kg7 35. Bc2 Kf8 36. f4 Rc5 37. a4 Ra5 38. Ra3 Ke7 39. Kc3 f5 40. Kb4 Kd8 41. Re3 Rc5 42. Bb3 Ra5 43. Re2 Rc5 44. Re3 Ra5 45. Re2 Rc5 {Accuracy: White = 61%, Black = 60%.} 1/2-1/2

[Event "IMSA Rapid Women 2019"]
[Site "Hengshui"]
[Date "2019.05.14"]
[Round "2.10"]
[White "Gunina, Valentina"]
[Black "Dzagnidze, Nana"]
[Result "1-0"]
[WhiteElo "2506"]
[BlackElo "2510"]
[Annotator "RC"]
[PlyCount "67"]
[EventDate "2019.05.14"]
[EventType "rapid"]
[EventCountry "CHN"]
[SourceTitle "playchess.com"]
[Source "ChessBase"]
[SourceQuality "1"]
[TimeControl "900+10"]

1. e4 {[%emt 0:00:00]} e6 {[%emt 0:00:19]} 2. d4 {[%emt 0:00:00]} d5 {[%emt 0:00:02]} 3. Nd2 {[%emt 0:00:00]} c5 {[%emt 0:00:13]} 4. Ngf3 {[%emt 0:00:16]} cxd4 {[%emt 0:00:06]} 5. exd5 {[%emt 0:00:02]} Qxd5 {[%emt 0:00:05]} 6. Bc4 {[%emt 0:00:02]} Qd6 {[%emt 0:00:26]} 7. O-O {[%emt 0:00:14]} Nf6 {[%emt 0:00:01]} 8. Nb3 {[%emt 0:00:08]} Nc6 {[%emt 0:00:23]} 9. Nbxd4 {[%emt 0:00:13]} Nxd4 {[%emt 0:00:20]} 10. Nxd4 {[%emt 0:00:02]} a6 {[%emt 0:01:17]} 11. c3 {[%emt 0:00:03]} Qc7 {[%emt 0:00:21]} 12. Qe2 {[%emt 0:00:10]} Bd6 {[%emt 0:00:54]} 13. h3 {[%emt 0:00:51]} O-O {[%emt 0:01:04]} 14. Bg5 {[%emt 0:00:08]} e5 {[%emt 0:00:33]} 15. Nc2 {[%emt 0:00:15]} Nd7 {[%emt 0:00:36]} 16. Ne3 {[%emt 0:00:57]} Nb6 {[%emt 0:00:16]} 17. Bb3 {[%emt 0:00:12]} Kh8 {[%emt 0:00:14]} 18. Rad1 {[%emt 0:00:46]} f6 {[%emt 0:03:25]} 19. Bh4 {[%emt 0:00:02]} Bd7 {[%emt 0:01:06]} 20. Bc2 {[%emt 0:00:59]} f5 {[%emt 0:00:58]} 21. Nxf5 {[%emt 0:00:26]} Rxf5 {[%emt 0:02:39]} 22. g4 {[%emt 0:00:05]} e4 {[%emt 0:00:38]} 23. gxf5 {[%emt 0:00:24]} Bxf5 {[%emt 0:00:02]} 24. Bxe4 {[%emt 0:00:20]} Re8 {[%emt 0:00:03]} 25. f3 {[%emt 0:00:17]} Bxh3 {[%emt 0:00:08]} 26. Rfe1 {[%emt 0:02:12]} Nc4 {[%emt 0:00:08]} 27. Kh1 {[%emt 0:00:38]} Bf4 {[%emt 0:00:11]} 28. Bd8 {[%emt 0:00:46]} Rxd8 {[%emt 0:00:29]} 29. Bf5 {[%emt 0:02:02]} Bg2+ {[%emt 0:00:53]} 30. Qxg2 {[%emt 0:00:28]} Ne3 {[%emt 0:00:09]} 31. Qh3 {[%emt 0:00:33]} h6 {[%emt 0:00:17]} 32. Qh5 {[%emt 0:01:43]} Nxf5 {[%emt 0:01:24]} 33. Rxd8+ {[%emt 0:00:09]} Qxd8 {[%emt 0:00:02]} 34. Re8+ {[%emt 0:00:02]} 1-0

[Event "IMSA Rapid Women 2019"]
[Site "Hengshui"]
[Date "2019.05.14"]
[Round "2.11"]
[White "Koneru, Humpy"]
[Black "Abdumalik, Zhansaya"]
[Result "1/2-1/2"]
[WhiteElo "2553"]
[BlackElo "2464"]
[Annotator "TA"]
[PlyCount "63"]
[EventDate "2019.05.14"]
[EventType "rapid"]
[EventCountry "CHN"]
[SourceTitle "playchess.com"]
[Source "ChessBase"]
[SourceQuality "1"]

{[%evp 23,63,21,19,8,29,26,26,25,25,27,19,8,20,0,0,0,0,0,0,0,0,0,0,0,0,0,0,0,0,0,0,0,0,0,0,0,0,0,0,0,0,0]} 1. d4 Nf6 2. c4 g6 3. g3 Bg7 4. Bg2 c5 5. Nf3 O-O 6. O-O cxd4 7. Nxd4 d5 8. cxd5 Nxd5 9. Nc3 Nxc3 10. bxc3 Nc6 11. Nxc6 bxc6 12. Qxd8 Rxd8 13. Bxc6 {D75: Fianchetto Grünfeld: Main Line with 7...c5} Bh3 14. Bxa8 {[#] Threatens to win with Bg2.} Bxf1 15. Kxf1 {aiming for Be4.White has an edge.} Bxc3 16. Rb1 {Strongly threatening Be4.} Rxa8 $11 {[%mdl 4096] [#] Endgame KRB-KRB} 17. Bf4 $146 {The position is equal.} ({Predecessor:} 17. Rb7 e6 18. Be3 a5 19. a4 Rd8 20. Bh6 Bg7 {1-0 (47) Jumabayev,R (2611)-Bok,B (2596) Jurmala 2017}) 17... Bd4 18. Rb8+ Rxb8 19. Bxb8 {KB-KB} f5 20. e3 Bb6 21. Ke2 Kf7 22. f3 h5 23. h3 Ke6 24. e4 fxe4 25. fxe4 a6 26. g4 hxg4 27. hxg4 Bd4 28. Bf4 Be5 29. Be3 Bd6 30. Bd4 Be5 31. Be3 Bd6 32. Bd4 {Accuracy: White = 69%, Black = 79%.} 1/2-1/2

[Event "IMSA Rapid Women 2019"]
[Site "Hengshui"]
[Date "2019.05.14"]
[Round "2.12"]
[White "Muzychuk, Mariya"]
[Black "Lei, Tingjie"]
[Result "1-0"]
[WhiteElo "2563"]
[BlackElo "2507"]
[Annotator "TA"]
[PlyCount "121"]
[EventDate "2019.05.14"]
[EventType "rapid"]
[EventCountry "CHN"]
[SourceTitle "playchess.com"]
[Source "ChessBase"]
[SourceQuality "1"]

{[%evp 17,121,9,37,34,29,25,437,432,426,77,84,94,87,89,89,88,90,0,150,142,144,161,152,109,229,229,214,102,85,77,129,127,125,131,128,123,144,131,168,161,170,2,14,0,0,0,0,0,6,0,0,0,0,0,0,0,0,0,0,0,0,0,0,0,0,0,0,0,0,0,0,0,0,0,0,0,0,0,0,0,0,0,0,0,252,252,252,203,167,167,167,166,166,167,385,336,2820,2282,29988,29989,29989,29990,29990,29991,29991,29992]} 1. e4 e5 2. Nf3 Nc6 3. d4 exd4 4. Nxd4 Nf6 5. Nxc6 bxc6 6. e5 Qe7 7. Qe2 Nd5 8. c4 Nb6 9. Nc3 g6 10. Ne4 $1 {C45: Scotch Game} Bg7 11. Bg5 Qxe5 $2 {[%mdl 8192]} (11... Qb4+ $11 {and Black stays safe.} 12. Qd2 Qxd2+ 13. Kxd2 h6) (11... Qb4+ 12. Qd2 Qxd2+ 13. Kxd2 Bxe5 14. Nf6+ Bxf6 15. Re1+ Kf8 16. Bxf6 Rg8 {1-0 (27) Howell,D (2676)-Eljanov,P (2711) Riadh 2017}) 12. Bf6 $1 $18 {[%cal Rf6e5] White is clearly winning.} Qa5+ $146 13. Nc3+ $2 (13. Nd2+ $1 $18 {and the rest is easy.} Kf8 14. Qe7+ Kg8 15. Qd8+ Bf8 16. Bxh8) 13... Kf8 $16 14. Qe7+ Kg8 15. Qe8+ Bf8 16. Bxh8 {Strongly threatening Be2.} d5 17. O-O-O {[%cal Ba1d1,Bd1d5,Bd5b5,Bb5e5][%mdl 32]} (17. Qxc6 $16 Kxh8 18. Qf6+ (18. cxd5 Bd7 $19) (18. Qxc7 $2 d4 $19 {[%mdl 64] Pin}) 18... Kg8 19. Be2) 17... Bg4 (17... Bf5 $1 $11 18. Qe5 {[%mdl 64] Double Attack} Nd7) 18. Qxc6 Kxh8 19. Rxd5 $1 Qb4 20. Bd3 {And now Rb5 would win.} Bg7 (20... Nxd5 $16 {is a better defense.} 21. Nxd5 Bh6+ 22. Kb1 Qf8) 21. Rb5 $18 Qf8 22. Qe4 (22. Qxc7 $18 Be6 23. c5) 22... Bd7 $16 {[#]} 23. Re5 $1 Na4 ({Black should play} 23... Kg8) 24. Nxa4 Bxa4 {[#]} 25. Re1 $1 Rb8 26. c5 Bd7 27. Re2 Bxe5 28. Qxe5+ {[%mdl 64] Double Attack} Kg8 29. Kb1 $2 (29. Qxc7 $18 Be6 30. Qxa7) 29... Re8 $1 $11 {[%cal Re8e5]} 30. Qd4 Rxe2 31. Bxe2 Bf5+ 32. Kc1 Qh6+ 33. f4 Qxh2 34. Bf3 Qh1+ 35. Kd2 {White wants to play Qd8+.} Qb1 36. g4 Qc2+ 37. Ke3 Qc1+ 38. Kf2 Be6 39. a3 Qc2+ 40. Kg3 Qc1 41. g5 Bf5 42. c6 a5 43. Qd8+ Kg7 44. Qd4+ Kg8 45. Kf2 Qc2+ 46. Ke3 Qc1+ 47. Ke2 Qc2+ 48. Qd2 Qc4+ 49. Kf2 Qc5+ 50. Kg2 {Qd8+ is the strong threat.} Qb6 $2 {[%mdl 8192]} (50... Kg7 $11 {and Black has nothing to worry.}) 51. Qd8+ $18 Kg7 52. Qf6+ Kg8 53. Bd5 Be6 54. Qd8+ ({Stronger than} 54. Bxe6 Qxc6+ 55. Kg3 Qxe6 $11) 54... Kg7 55. Bxe6 {Qf6+ would kill now.} Qxb2+ $2 (55... Qxc6+ {was worth a try.} 56. Bd5 Qc2+ 57. Kg3 Qd3+ 58. Kh4 Qf5) 56. Kg3 Qc3+ $2 (56... Qxa3+ 57. Kg4 Qa1) 57. Kg4 fxe6 58. Qxc7+ {White mates.} Kg8 59. Qd8+ Kf7 60. Qd7+ Kf8 61. c7 {Accuracy: White = 56%, Black = 51%.} 1-0

[Event "IMSA Rapid Women 2019"]
[Site "Hengshui"]
[Date "2019.05.14"]
[Round "2.13"]
[White "Stefanova, Antoaneta"]
[Black "Ushenina, Anna"]
[Result "1-0"]
[WhiteElo "2470"]
[BlackElo "2442"]
[Annotator "TA"]
[PlyCount "89"]
[EventDate "2019.05.14"]
[EventType "rapid"]
[EventCountry "CHN"]
[SourceTitle "playchess.com"]
[Source "ChessBase"]
[SourceQuality "1"]

{[%evp 23,135,18,22,24,22,0,0,6,1,0,0,0,0,0,0,0,0,0,11,9,11,9,11,10,11,11,7,6,39,37,89,89,91,57,109,112,126,118,118,118,118,118,116,97,109,100,116,75,115,75,235,167,160,152,143,143,158,158,244,244,244,237,237,236,283,276,393,391,357,357,544,570,766,636,628,574,635,570,504,473,1213,1207,6621,7294,29944,12850,12141,8917,29948,6973,29961,29964,29975,29976,29983,29974,29983,29964,29963,29965,29958,29958,29972,29974,29984,29985,29985,29986,29986,29987,29987,29988,29989,29990]} 1. Nf3 d5 2. g3 e6 3. Bg2 Nf6 4. O-O c5 5. d4 Nc6 6. c4 dxc4 7. dxc5 Qxd1 8. Rxd1 Bxc5 9. Nbd2 c3 10. bxc3 O-O 11. Nb3 Be7 12. c4 Bd7 13. Bb2 {E04: Open Catalan: 5 Nf3} Rfd8 14. Ne5 (14. Nfd4 Rab8 15. Nxc6 Bxc6 16. Rxd8+ Rxd8 17. Bxc6 bxc6 18. Bxf6 Bxf6 19. Rc1 g5 20. c5 Kf8 {1-0 (36) Giri,A (2780)-Wojtaszek,R (2749) Shenzhen 2018}) 14... Nxe5 15. Bxe5 {The position is equal.} Rac8 16. Na5 $146 ({Predecessor:} 16. c5 Bc6 17. Rxd8+ Rxd8 18. Bxc6 bxc6 19. Rc1 Kf8 20. Kg2 Rd5 21. Bxf6 gxf6 {1-0 (75) Bajarani,U (2451)-Shahaliyev,I (2379) Baku 2017}) 16... b6 17. Nb7 Re8 18. Nd6 Bxd6 $1 19. Rxd6 {Black must now prevent Bxf6.} Ba4 20. Rc1 Bb5 21. Rd4 $36 {[%mdl 2048] White fights for an advantage.} Bc6 22. f3 Nd7 23. Bd6 Nc5 24. Bxc5 bxc5 25. Rd3 Rb8 26. Ra3 Re7 ({Black should try} 26... Rec8 $14) 27. Ra5 $16 Rb2 28. Kf2 Bb7 (28... Rc7 $14) 29. Rxa7 f5 30. Rc3 Kf7 31. Rb3 Rxb3 32. axb3 {[%mdl 4096] Endgame KRB-KRB} e5 33. Ke3 Ke6 34. Kd2 Kd6 35. Kc3 Kc6 36. b4 Rd7 $2 (36... cxb4+ $16 {was called for.} 37. Kxb4 g6) 37. Ra5 cxb4+ 38. Kxb4 Kd6 39. Bh3 Rf7 40. g4 g6 (40... f4 $16 {is a better defense.} 41. g5 Re7) 41. gxf5 $18 gxf5 42. f4 exf4 43. Rxf5 ({Don't do} 43. Bxf5 $6 f3) 43... Re7 {[#]} 44. Bg4 $1 (44. Rxf4 Rxe2 45. Rf6+ Ke7 $14) 44... Re4 (44... Be4 $142 45. Rxf4 Ke5) 45. Rf6+ {Played: Bg4-f3} 1-0

[Event "IMSA Rapid Women 2019"]
[Site "Hengshui"]
[Date "2019.05.14"]
[Round "2.14"]
[White "Harika, Dronavalli"]
[Black "Paehtz, Elisabeth"]
[Result "1/2-1/2"]
[WhiteElo "2492"]
[BlackElo "2470"]
[Annotator "TA"]
[PlyCount "157"]
[EventDate "2019.05.14"]
[EventType "rapid"]
[EventCountry "CHN"]
[SourceTitle "playchess.com"]
[Source "ChessBase"]
[SourceQuality "1"]

{[%evp 9,157,35,34,18,28,15,22,18,114,99,99,105,96,84,96,130,151,158,154,147,181,158,166,166,307,144,132,143,231,140,214,200,195,83,83,87,84,95,77,88,88,89,82,82,84,88,150,149,143,138,155,97,91,89,123,101,133,94,143,94,137,118,123,95,118,94,91,66,84,89,122,108,95,0,0,0,0,0,0,0,554,0,0,0,0,-1,0,-21,-21,-22,-22,-21,-21,-22,-21,-341,-248,-53,-62,-79,-8,-8,-8,-8,-8,-8,-8,-73,-8,-54,0,0,0,0,0,0,0,0,0,0,0,0,0,0,0,0,0,0,0,0,0,0,0,0,8,0,0,0,8,0,0,0,8,0,0,0,8,0,0,0]} 1. e4 c5 2. Nf3 d6 3. Bb5+ Nd7 4. O-O Ngf6 5. Re1 a6 6. Bd3 {B51: Sicilian: Moscow Variation (3 Bb5+) without 3...Bd7} b5 (6... e6 7. a4 b6 8. c3 Bb7 9. Qe2 Qc7 10. Na3 Be7 11. Bb1 e5 12. d4 cxd4 13. cxd4 exd4 14. Nxd4 {½-½ (42) Jakovenko,D (2719)-Ding,L (2809) Shenzhen 2019}) 7. c4 Rb8 8. Nc3 {[%cal Rc4b5]} g5 $146 (8... b4 $11 9. Nd5 e6) ({Predecessor:} 8... b4 9. Nd5 e5 10. a3 a5 11. axb4 axb4 12. Ra7 Nxd5 13. cxd5 {½-½ (48) Kovalev,V (2655)-Salgado Lopez,I (2643) Ankara 2018}) 9. cxb5 $16 g4 10. Nh4 Ne5 11. Bf1 axb5 12. Nxb5 c4 13. d4 cxd3 14. Bxd3 Nxd3 15. Qxd3 Qa5 16. Nc3 e6 {[#]} (16... Be6 $142 17. Nf5 Rg8) 17. e5 (17. Nf5 $1 $18 {[%mdl 512] is the precise move to win.}) 17... dxe5 18. Bg5 Nd7 (18... Bg7 $16) 19. Ne4 $18 Qa6 (19... Qb5 $16 {might work better.} 20. Qd1 (20. Nd6+ Bxd6 21. Qxd6 Qc5 $16) 20... Rg8) 20. Qe3 Qb6 21. Qxb6 (21. Qg3 $18 {is more deadly. Black must now prevent Rad1.} f5 22. Nf6+ Kf7 23. Rad1 (23. Nxd7 Bxd7 24. Rad1 Qc7 $16) 23... Nxf6 24. Bxf6) 21... Rxb6 $16 22. Rac1 {[%cal Rc1c8]} Rb8 23. Nf6+ Nxf6 24. Bxf6 Rg8 25. Bxe5 Ra8 26. Bf6 Bb7 27. a3 Bd5 (27... Kd7 $142) 28. Nf5 $1 Rg6 29. Bh4 Bh6 30. Nxh6 (30. Rc7 $142) 30... Rxh6 31. Bg3 Rg6 32. Rc5 {Rxd5 is the strong threat.} Kf8 33. Rec1 Ke7 34. Bh4+ Kf8 35. Rc8+ Rxc8 36. Rxc8+ {[%mdl 4096] Endgame KRB-KRB} Kg7 37. Bg3 Rg5 38. Rc5 Rf5 39. b4 h5 40. Kf1 Kg6 41. h4 (41. Rc3 $16) 41... gxh3 $1 $11 42. gxh3 Rf3 $1 43. a4 Rb3 44. b5 Ra3 $2 {[%mdl 8192] [#]} (44... Bf3 $11 45. Ke1 Rd3) 45. b6 $2 ({White has to play} 45. Rxd5 $1 $18 {[%mdl 512]} exd5 46. b6 Ra1+ 47. Ke2 Ra2+ 48. Kd3 Ra3+ 49. Kc2 Rxa4 50. b7) 45... Bf3 {( -> ...Ra1+)} 46. Ke1 Rxa4 47. Rb5 {Black should prevent b7.} Bb7 (47... Rd4 $5 48. Rb1 $8 Bb7 $11) 48. h4 f6 49. Kd2 e5 50. Kc3 Kf5 51. Kb3 Ra1 {aiming for ...Rb1+.} 52. Kb4 $2 {[%mdl 8192] [#]} (52. Kc3 $11) 52... Rb1+ $1 $19 53. Kc5 Rxb5+ 54. Kxb5 $15 {KB-KB} Ke4 ({Better is} 54... Kg4 $17 {Threatens to win with ...e4.} 55. Kc5 e4) 55. Kc5 $11 f5 (55... Kf3 $5 56. Kd6 $8 e4 $15) 56. Kd6 f4 57. Bh2 Kf5 58. Bg1 {[#]} (58. Kc5 $11 {remains equal.}) 58... Bf3 (58... f3 $1 $17 59. Kc5 e4) 59. Kc7 Kg4 ({Black should play} 59... Ba8 $15 60. Kb8 (60. b7 Bxb7 61. Kd7 Kg4 $19) 60... Bd5) 60. Kd6 {The position is equal.} Kxh4 61. Kxe5 Kh3 62. Kxf4 Kg2 63. Bh2 h4 64. Bg3 h3 $1 65. Ke3 Bb7 66. Bc7 Ba8 67. Bb8 Bb7 68. Be5 Ba8 69. Bd6 (69. f3 $5) 69... Bb7 70. Be5 Ba8 71. Bf4 Bb7 72. Bb8 Ba8 73. Bc7 Bb7 74. Bf4 Ba8 75. Bg3 Bb7 76. Be5 Ba8 77. Bd6 Bb7 78. Bc7 Ba8 79. Bg3 {Accuracy: White = 58%, Black = 61%.} 1/2-1/2

[Event "IMSA Rapid Women 2019"]
[Site "Hengshui"]
[Date "2019.05.14"]
[Round "2.15"]
[White "Zhao, Xue"]
[Black "Bodnaruk, Anastasia"]
[Result "0-1"]
[WhiteElo "2485"]
[BlackElo "2431"]
[Annotator "TA"]
[PlyCount "60"]
[EventDate "2019.05.14"]
[EventType "rapid"]
[EventCountry "CHN"]
[SourceTitle "playchess.com"]
[Source "ChessBase"]
[SourceQuality "1"]

{[%evp 17,60,0,14,0,23,19,32,-57,-44,-51,-52,-39,-47,-50,-60,-100,-97,-103,-103,-110,-119,-164,-164,-165,-172,-172,-155,-172,-177,-196,-174,-193,-169,-163,-130,-134,-137,-182,-188,-183,-193,-533,-535,-532,-524]} 1. d4 Nf6 2. c4 g6 3. g3 Bg7 4. Bg2 O-O 5. Nc3 d6 6. Nf3 Nc6 7. O-O a6 8. b3 Rb8 9. a4 a5 10. h3 {E63: King's Indian: Fianchetto: Panno Variation with 7...a6} (10. Bb2 Nb4 11. Qd2 Bd7 12. e4 Bg4 13. Rfe1 e5 14. Na2 Nxa2 15. Rxa2 Bxf3 16. Bxf3 Nd7 17. dxe5 Bxe5 18. Bxe5 Nxe5 {1-0 (54) Cordova,E (2609)-Tissir,M (2388) Batumi 2018}) 10... Nd7 11. e4 e5 $146 {[%cal Re5d4]} ({Predecessor:} 11... h6 12. Ba3 Re8 13. Rc1 e5 14. dxe5 Ndxe5 15. Nxe5 dxe5 16. Nb5 Nd4 17. Nxd4 exd4 {1-0 (47) Broman,H-Karhunen,K Finland 1989}) 12. d5 ({White should try} 12. Bg5 $14 f6 13. Be3) 12... Nb4 $1 $15 13. Bg5 f6 14. Be3 b6 15. Na2 Na6 16. Nh4 {[#]} f5 $1 17. exf5 gxf5 18. f4 exf4 19. Rxf4 Bxa1 20. Qxa1 Ne5 21. Rf1 Nc5 22. Qd1 Qf6 23. Kh2 Bd7 24. Nc1 Qg7 25. Qh5 Be8 26. Qe2 Bg6 27. Qd2 {intending Bh6.} Ne4 28. Qe1 {[#]} Rbe8 $1 29. Ne2 $2 (29. Bf4) 29... Nd3 $19 30. Qd1 {[#]} Nxg3 $1 {[%mdl 576] Discovered Attack. Accuracy: White = 32%, Black = 84%.} 0-1